Подробности
| 000 -МАРКЕР |
| контрольное поле |
01305nam2a22002771 4500 |
| 001 - ИДЕНТИФИКАТОР ЗАПИСИ |
| контрольное поле |
rc\4738724 |
| 005 - ИДЕНТИФИКАТОР ВЕРСИИ |
| контрольное поле |
20260406120422.0 |
| 021 ## - НОМЕР ГОСУДАРСТВЕННОЙ РЕГИСТРАЦИИ |
| Код страны |
Российская Федерация |
| Номер |
[67-104115] |
| 021 ## - НОМЕР ГОСУДАРСТВЕННОЙ РЕГИСТРАЦИИ |
| Код страны |
Российская Федерация |
| Номер |
[67-104111] |
| 035 ## - ДРУГИЕ СИСТЕМНЫЕ НОМЕРА |
| Идентификатор записи |
(NLR Aleph) 008736226 |
| 100 ## - ДАННЫЕ ОБЩЕЙ ОБРАБОТКИ |
| Данные общей обработки |
20130416d1967 |||y0rusy50 ca |
| 101 0# - ЯЗЫК РЕСУРСА |
| Язык текста, звукозаписи и т.д. |
русский |
| 102 ## - СТРАНА ПУБЛИКАЦИИ ИЛИ ПРОИЗВОДСТВА |
| Страна публикации |
Российская Федерация |
| 105 ## - ПОЛЕ КОДИРОВАННЫХ ДАННЫХ: ТЕКСТОВЫЕ МАТЕРИАЛЫ, МОНОГРАФИЧЕСКИЕ |
| Кодированные данные о монографическом текстовом документе |
y z |||a| |
| 200 1# - ЗАГЛАВИЕ И СВЕДЕНИЯ ОБ ОТВЕТСТВЕННОСТИ |
| Основное заглавие |
Пушкин в изгнании |
| Сведения, относящиеся к заглавию |
Роман |
| Обозначение и номер части |
Ч. 2 |
| Наименование части |
[Пушкин в Михайловском] |
| 210 ## - ПУБЛИКАЦИЯ, РАСПРОСТРАНЕНИЕ И ДР. |
| Дата издания, распространения и т.д. |
1967 |
| Место издания, распространения и т.д. |
Б. м. |
| 215 ## - ФИЗИЧЕСКАЯ ХАРАКТЕРИСТИКА |
| Специфическое обозначение материала и объем |
422 с. |
| 461 #0 - УРОВЕНЬ НАБОРА |
| Встроенное поле |
001rc\4738722 |
| -- |
2001#$aСобрание сочинений$eВ 4 т.$f[Вступ. статья Я. Волкова, с. 5-25$gСост., подгот. текста и примеч. М. Новиковой]. Т. 1-$vТ. 2 |
| -- |
700#1$aНовиков$bИ.А.$f1877-1959$gИван Алексеевич |
| Системный номер (АБИС) связанной записи |
9505551 |
| Автор |
Новиков, И.А. (1877-1959) |
| Место публикации |
Москва |
| Дата публикации |
1966 |
| Первые сведения об ответственности |
[Вступ. статья Я. Волкова, с. 5-25 |
| Имя издателя, распространителя и т.д. |
Худож. лит. |
| Сведения, относящиеся к заглавию |
В 4 т. |
| Заглавие |
Собрание сочинений |
| Номер тома |
Т. 2 |
| 702 #1 - ИМЯ ЛИЦА - ВТОРИЧНАЯ ОТВЕТСТВЕННОСТЬ |
| Код отношения |
Прочие |
| Графика поля |
Кириллица |
| Материалы, к которым относится поле |
rus |
| Начальный элемент ввода |
Пушкин |
| Часть имени, кроме начального элемента ввода |
А. С. |
| Дополнения к именам, кроме дат |
поэт |
| Даты |
1799-1837 |
| Расширение инициалов личного имени |
Александр Сергеевич |
| Системный номер авторитетной/нормативной записи |
110441 |
| Идентификатор авторитетной/нормативной записи |
RU\NLR\AUTH\77386 |
| 801 #0 - ИСТОЧНИК ЗАПИСИ |
| Страна |
Российская Федерация |
| Организация |
NLR |
| Правила каталогизации |
psbo |
| 801 #1 - ИСТОЧНИК ЗАПИСИ |
| Страна |
Российская Федерация |
| Организация |
ELAR |
| Источник данных |
rusmarc |
| 852 ## - МЕСТОНАХОЖДЕНИЕ И ШИФР ХРАНЕНИЯ |
| Идентификатор организации |
NLR |
| Шифр хранения (Call Number) |
66-3/6370 |
| 942 ## - ДОПОЛНИТЕЛЬНЫЕ ЭЛЕМЕНТЫ ЗАПИСИ (АБИС) |
| Тип экземпляра АБИС |
Книга |
| 980 ## - КОЛЛЕКЦИЯ |
| Название коллекции |
Национальная библиография |